Linejnoe programmirovanije

Na minha lista:
Detalhes bibliográficos
Formato: Livro
Idioma:russo
Publicado em: Moskva : Akademija nauk S.S.S.R., 1961
Assuntos:
Tags: Adicionar Tag
Sem tags, seja o primeiro a adicionar uma tag!

MARC

LEADER 00000nam a22000003a 4500
001 stu38697
005 20141122051234.6
008 921123s1961----xxr-----------------rus-d
040 |a STU  |b slo 
041 0 |a rus 
044 |a xxr 
080 |a 519.852  |7 stu_us_auth*stu8185 
245 |a Linejnoe programmirovanije 
260 |a Moskva :  |b Akademija nauk S.S.S.R.,  |c 1961 
300 |a 131 s 
650 7 |a Programovanie lineárne  |2 stusub 
996 |b 284M002513  |c M*4767-1  |l MMKN  |s A  |a 24  |w stu38697_0001